Statistics for Least Populous Countries Bordering Each Other

Click here to take the quiz!

General Stats

  • This quiz has been taken 2,804 times
    (2,112 since last reset)
  • The average score is 18 of 26

Answer Stats

Country% Correct
Kosovo
88%
Albania
87%
Bosnia and Herzegovina
87%
Croatia
87%
Montenegro
87%
North Macedonia
87%
Serbia
87%
Slovenia
86%
Bulgaria
81%
Estonia
75%
Latvia
75%
Liechtenstein
75%
Lithuania
75%
Austria
73%
Switzerland
73%
Guyana
70%
Suriname
70%
Armenia
56%
Georgia
56%
Namibia
55%
Botswana
53%
Djibouti
53%
Eritrea
52%
Equatorial Guinea
49%
Gabon
49%
Republic of the Congo
46%

Score Distribution

Percentile by Number Answered

Percent of People with Each Score

Your Score History

You have not taken this quiz since the last reset